MDQL
is popping MORE tags! Check the
thread
!
Quizzes
Events
Quiz Creation
Community
Videos
Private Events
Remove Ads
Sign In
Join for FREE
Feedback
Dark Mode
Quiz Categories
Sports
Geography
Music
Movies
Television
Just For Fun
Miscellaneous
History
Literature
Language
Science
Gaming
Entertainment
Religion
Holiday
For Kids
Quiz Lab
Recent
Popular Today
Quiz Kudos Today
Editor Picks
Curator Picks
Quizzes by...
Day
Popularity
Type
Ratings
Length
Year
Community
Subscriptions
Recent Discussions
Orange Saloon
Badges
Playlists
Quests
Create
Leaderboards
Showdown
Live 5
Trivia Bingo
Activity
Puzzle Library
Sporcle Events
Private Events
Virtual Trivia
Globe League
Become a Host
Pub Owners
SporcleCon
Opinionation
Our Games
Videos
Blog
Mobile Apps
Partnerships
Remove Ads and Go Orange
Feedback
Sports
Athletes
MLB
NBA
NHL
NFL
Soccer
Sports Teams
WWE
NCAA
Football
Premier League
Basketball
Baseball
Hockey
Golf
Tennis
Cricket
Rugby
Auto Racing
Olympics
World Cup
Sports
Athletes
MLB
NBA
NHL
NFL
Soccer
Sports Teams
WWE
NCAA
Football
Premier League
Basketball
Baseball
Hockey
Golf
Tennis
Cricket
Rugby
Auto Racing
Olympics
World Cup
Random Quiz
Search Sporcle
×
Quiz Lab
Quiz Lab
Sports
OPS
Type in answers that appear in a list
Type in answers that appear in a list
Classic
Best Score? Go Orange.
Cubs OPS Leader By Year (100 PA) Stats
Can you name the Cubs OPS Leader By Year (100 PA)?
By
53banks71
15m
30 Questions
324 Plays
324 Plays
324 Plays
Comments
Comments
Give Quiz Kudos
Give Quiz Kudos
-
- Ratings
hide this ad
Replay
Link that replays current quiz
Next Quiz
Link to next quiz in quiz playlist
You Got
0%
They Got
Avg Score
60%
Avg Friend Score
Upgrade to see
Score Distribution
Jump to the score distribution portion of the page
Score
0/30
Timer
15:00
0
Plays Today
Year
Player
% Correct
2009
Derrek Lee
97.2%
2005
Derrek Lee
97.2%
2007
Aramis Ramirez
94.1%
2004
Aramis Ramirez
94.1%
2003
Sammy Sosa
94.1%
2002
Sammy Sosa
94.1%
2001
Sammy Sosa
94.1%
2000
Sammy Sosa
94.1%
1999
Sammy Sosa
94.1%
1998
Sammy Sosa
94.1%
1996
Sammy Sosa
94.1%
1994
Sammy Sosa
94.1%
1992
Ryne Sandberg
93.8%
1990
Ryne Sandberg
93.8%
1984
Ryne Sandberg
93.8%
Year
Player
% Correct
1988
Andre Dawson
83.6%
1983
Leon Durham
43.5%
1982
Leon Durham
43.5%
2006
Ryan Theriot
38%
1989
Dwight Smith
33.6%
1981
Bill Buckner
33%
1980
Dave Kingman
32.1%
2008
Jim Edmonds
28.7%
1993
Rick Wilkins
25%
1995
Scott Servais
7.7%
1986
Davey Lopes
6.8%
1991
Hector Villanueva
6.5%
1985
Thad Bosley
5.2%
1987
Jerry Mumphrey
4.6%
1997
Dave Hansen
2.8%
Quiz Playlist
Details
Report
Send in Message
Add To Playlist
Classic:
Type in answers that appear in a list
Last Updated: Feb 16, 2017
Quiz Scoreboard
CHALLENGE
Sign Up to Join the Scoreboard
Show All
Scores
Hide
Comments
May contain spoilers
Recently Published
Find the 'City' Movie
by crazypaving
Movies
60s
5x2 Blitz: Bands
by SL_Kpop136
Music
30s
Colored Red Africa Blitz
by spor1
Geography
30s
More to Explore
Quiz From the Vault
Featured Blog Post
14 Easter Pick-up Lines to Find Eggs With
hide this ad
You Might Also Like...
Tags
100
By Year
Chicago Cubs
OPS
OPS Leaders
Player
Today's Top Quizzes in Sports
Browse Sports
hide this ad
Top Contributed Quizzes in Sports
1
Players with Multiple 50 Home Run Seasons
2
Who Needs Fielders?
3
Criteria MLB: Left Handed Sluggers
4
MLB Players with Two .350 Batting Average Seasons
5
Who Hit More Homers?
6
2020 F1 Drivers Logic Puzzle
7
NBA Teammate Connections
8
Premier League Clubs since 2000 (minefield)
9
MLB Teams by First Game
10
Top 10 NHL Goal Scorers of All Time
Explore More
Trending Topics
Harry Potter
Disney
Marvel
NBA
Anime
Kpop
Crossword
NFL
Puzzle
Country
Soccer
Song
Pokémon
The Office
WWE
hide this ad
More By:
53banks71
Quiz
Plays
Rating
Category
Featured
Created
Cubs Who Appeared in 2+ All-Star Games
499
3.50
Sports
Nov 24, 2009
Cubs Wins Leader By Year
399
4.00
Sports
Nov 23, 2009
Cubs OPS Leader By Year (100 PA)
324
2.67
Sports
Nov 14, 2009
Chicago Cubs Managers by Wins
140
Sports
Mar 27, 2010
Go to Creator's Profile
Score Distribution
Quiz Creator Spotlight
53banks71
Follow
Send a Message
Quizzes Created
-
Created Quiz Play Count
-
More By This Creator
Popular Quizzes Today
1
Find the 'City' Movie
2
5x2 Blitz: Bands
3
Colored Red Africa Blitz
4
Find the US States - No Outlines Minefield
5
The Countries of the World
6
Find the US States
7
9x9 Crossword: Cartoon Network
8
US States
More Sports Quizzes
Pakistan Men's Cricket Top Players
Quiz Lab
Trending Quizzes
Colored Red Africa Blitz II
Colored Red Europe Blitz I
Colored Red Africa Blitz III
Colored Red Europe Blitz II
Colored Red Europe Blitz III
Recently Updated
Champions League XIs: Real Madrid
pecheneg
Largest US Cities 1790-2010
pecheneg
Rides in Walt Disney World
pecheneg
Most Oscar Losses (Acting)
pecheneg
Beyoncé Albums
pecheneg
Leaping Animals
pecheneg
Reality TV Shows (A-Z)
bhenderson79
Rickey Henderson's Hall of Fame Teammates
pecheneg
Champions League XIs: Arsenal
pecheneg
Quick Pick: Celebrities in WWE's Hall of Fame
aduchscher
Trending Topics
Disney
Marvel
Kpop
NBA
Crossword
Anime
Harry Potter
Pokémon
NFL
Puzzle
Song
WWE
Soccer
The Office
Country
Your Account Isn't Verified!
In order to create a playlist on Sporcle, you need to verify the email address you used during registration. Go to your
Sporcle Settings
to finish the process.
Report this User
Report this user for behavior that violates our
Community Guidelines
.
Details:
Send Report
Go to the Sporcle.com Mobile Site →
Comments